Statistics for top 10 most voted important subjects at school

Click here to take the quiz!

General Stats

  • This quiz has been taken 66 times
  • The average score is 8 of 10

Answer Stats

AnagramAnswer% Correct
TahmMath
100%
nhslgeiEnglish
92%
goyearghpGeography
92%
csceeniScience
91%
ohsyirtHistory
84%
chpisysPhysics
83%
ooybligBiology
78%
hmeycrtisChemistry
72%
ilaosc tiedussSocial Studies
53%
baareglAlgebra
31%

Score Distribution

Percentile by Number Answered

Percent of People with Each Score

Your Score History

You have not taken this quiz